|
|
|
|
| LEADER |
02555nam a22004215i 4500 |
| 001 |
978-981-10-3277-6 |
| 003 |
DE-He213 |
| 005 |
20170113052546.0 |
| 007 |
cr nn 008mamaa |
| 008 |
170113s2016 si | s |||| 0|eng d |
| 020 |
|
|
|a 9789811032776
|9 978-981-10-3277-6
|
| 024 |
7 |
|
|a 10.1007/978-981-10-3277-6
|2 doi
|
| 040 |
|
|
|d GrThAP
|
| 050 |
|
4 |
|a QA76.758
|
| 072 |
|
7 |
|a UMZ
|2 bicssc
|
| 072 |
|
7 |
|a UL
|2 bicssc
|
| 072 |
|
7 |
|a COM051230
|2 bisacsh
|
| 082 |
0 |
4 |
|a 005.1
|2 23
|
| 100 |
1 |
|
|a Padmanabhan, T R.
|e author.
|
| 245 |
1 |
0 |
|a Programming with Python
|h [electronic resource] /
|c by T R Padmanabhan.
|
| 264 |
|
1 |
|a Singapore :
|b Springer Singapore :
|b Imprint: Springer,
|c 2016.
|
| 300 |
|
|
|a XIII, 344 p. 207 illus.
|b online resource.
|
| 336 |
|
|
|a text
|b txt
|2 rdacontent
|
| 337 |
|
|
|a computer
|b c
|2 rdamedia
|
| 338 |
|
|
|a online resource
|b cr
|2 rdacarrier
|
| 347 |
|
|
|a text file
|b PDF
|2 rda
|
| 505 |
0 |
|
|a Python – A Calculator -- Algebra With Variables -- Simple Programs -- Functions And Modules -- Sequences And Operations With Sequences -- Additional Operations With Sequences -- Operations For Text Processing -- Operations With Files -- Application Modules -- Classes And Objects -- Time Related Operations -- Functional Programming Aids.
|
| 520 |
|
|
|a Based on the latest version of the language, this book offers a self-contained, concise and coherent introduction to programming with Python. The book’s primary focus is on realistic case study applications of Python. Each practical example is accompanied by a brief explanation of the problem-terminology and concepts, followed by necessary program development in Python using its constructs, and simulated testing. Given the open and participatory nature of development, Python has a variety of incorporated data structures, which has made it difficult to present it in a coherent manner. Further, some advanced concepts (super, yield, generator, decorator, etc.) are not easy to explain. The book specially addresses these challenges; starting with a minimal subset of the core, it offers users a step-by-step guide to achieving proficiency.
|
| 650 |
|
0 |
|a Computer science.
|
| 650 |
|
0 |
|a Software engineering.
|
| 650 |
1 |
4 |
|a Computer Science.
|
| 650 |
2 |
4 |
|a Software Engineering/Programming and Operating Systems.
|
| 710 |
2 |
|
|a SpringerLink (Online service)
|
| 773 |
0 |
|
|t Springer eBooks
|
| 776 |
0 |
8 |
|i Printed edition:
|z 9789811032769
|
| 856 |
4 |
0 |
|u http://dx.doi.org/10.1007/978-981-10-3277-6
|z Full Text via HEAL-Link
|
| 912 |
|
|
|a ZDB-2-SCS
|
| 950 |
|
|
|a Computer Science (Springer-11645)
|